| 000 | 01356nam a2200241Ia 4500 | ||
|---|---|---|---|
| 003 | Ost | ||
| 005 | 20260416102357.0 | ||
| 008 | 260416s9999||||xx |||||||||||||| ||und|| | ||
| 040 | _cfsecg | ||
| 041 | _aara | ||
| 082 | _a338.5 | ||
| 100 |
_aمغلاوي، أمينة _eمؤلف |
||
| 245 | 0 |
_a محاضرات في الإقتصاد الجزئي 1 : _bدروس و تمارين محلولة موجهة لطلبة السنة الاولى جذع مشترك ل م د / _c أمينة مغلاوي |
|
| 260 |
_aالجزائر _bجامعة الجزائر3: كلية العلوم الإقتصادية، العلوم التجارية وعلوم التسيير _c2021 |
||
| 300 |
_a145 ورقة _bايض _c30 سم |
||
| 504 | _aمراجع ص.145 | ||
| 520 | _aمدخل لعلم الااقتصاد، نظرية الطلب و مرونة الطلب، نظرية العرض و مرونة العرض، نظرية المنافسة التامة، نظرية سلوك المستهلك. | ||
| 653 | _aالاقتصاد | ||
| 653 | _aالاقتصاد الجزئي | ||
| 653 | _aالانتاج | ||
| 710 |
_aجامعة الجزائر3: كلية العلوم الإقتصادية، العلوم التجارية وعلوم التسيير _eناشر علمي |
||
| 942 | _cHANDOUT | ||
| 999 |
_c41276 _d41276 |
||